Automatic Sign Language (Hand Gestures) Recognition to Speech (Record no. 9181)
[ view plain ]
| 000 -LEADER | |
|---|---|
| fixed length control field | 00463 a2200121 4500 |
| 082 ## - DEWEY DECIMAL CLASSIFICATION NUMBER | |
| Classification number | BICSE-1 |
| 100 ## - MAIN ENTRY--PERSONAL NAME | |
| Personal name | Kiran Khurshid |
| 9 (RLIN) | 92291 |
| 245 ## - TITLE STATEMENT | |
| Title | Automatic Sign Language (Hand Gestures) Recognition to Speech |
| Statement of responsibility, etc. | Kiran Khurshid |
| 260 ## - PUBLICATION, DISTRIBUTION, ETC. | |
| Place of publication, distribution, etc. | Isalamabad, |
| Name of publisher, distributor, etc. | NUST School of Electrical Engineering & Computer Science, |
| Date of publication, distribution, etc. | 2007. |
| 300 ## - PHYSICAL DESCRIPTION | |
| Extent | xi, 103 p. : |
| Other physical details | ill. ; |
| Dimensions | 27 cm. + |
| Accompanying material | CD-ROM |
| 856 ## - ELECTRONIC LOCATION AND ACCESS | |
| Uniform Resource Identifier | <a href="http://10.250.8.41:8080/xmlui/handle/123456789/3511">http://10.250.8.41:8080/xmlui/handle/123456789/3511</a> |
| 942 ## - ADDED ENTRY ELEMENTS (KOHA) | |
| Koha item type | Project Report |
| Call number prefix | BICSE-1 KIR |
| Source of classification or shelving scheme | |
| Withdrawn status | Lost status | Damaged status | Not for loan | Permanent Location | Current Location | Date acquired | Total Checkouts | Full call number | Barcode | Date last seen | Price effective from | Koha item type | Source of classification or shelving scheme | Shelving location |
|---|---|---|---|---|---|---|---|---|---|---|---|---|---|---|
| Central Library (CL) | Central Library (CL) | 11/14/2012 | BICSE-1 KIR | SEECSThesis3 | 11/14/2012 | 11/14/2012 | Book | |||||||
| WITHDRAWN | Central Library (CL) | Central Library (CL) | 10/27/2020 | 004 | CL-BP-513 | 10/27/2020 | 10/27/2020 | Project Report | Thesis |
